Normal view
MARC view
Entry Personal Name
001 - CONTROL NUMBER
- control field: 54337
003 - CONTROL NUMBER IDENTIFIER
- control field: dpl
005 - DATE AND TIME OF LATEST TRANSACTION
- control field: 20121214140923.0
008 - FIXED-LENGTH DATA ELEMENTS
- fixed length control field: 121214|||a|||||| | ||| d
040 ## - CATALOGING SOURCE
- Original cataloging agency: dpl
- Transcribing agency: dpl
100 ## - HEADING--PERSONAL NAME
- Personal name: Upender, M.
670 ## - SOURCE DATA FOUND
- Source citation: Work cat.: (dpl): Upender, M., Estimation of economic relationships for indian economy /, 2012
670 ## - SOURCE DATA FOUND
- Source citation: Work cat.: (dpl): Upender, M., Estimation of economic relationships for indian economy /, 2012
